| 000 | 00370nam a22001457a 4500 | ||
|---|---|---|---|
| 003 | OSt | ||
| 008 | 250212b |||||||| |||| 00| 0 eng d | ||
| 020 | _a9789348140074 | ||
| 100 | _aDUA, Gagan | ||
| 245 | _aCloud Adoption: Critical Success Factors | ||
| 260 |
_aNew Delhi, _bNaples India: _c2024. |
||
| 300 | _aMisc | ||
| 650 | _aFaculty Publication | ||
| 942 |
_2ddc _cBK |
||
| 999 |
_c13118 _d13118 |
||